000 00821naa a22002417u 4500
001 20899
003 HDC
007 cr bn ---aaaaa
008 210306t200901 xx 000 0 eng
040 _aHDC
100 _aZAAHIRA MUHAMMAD,
_eauthor
_92349
245 0 _aAl Islami's rapid growth as a Halal food provider /
_cby ZAAHIRA MUHAMMAD
260 _a[No place] :
_b[publisher not identified],
_c2009
336 _atext
_2rdacontent
337 _acomputer
_2rdamedia
338 _aonline resource
_2rdacarrier
650 _aHalal food industry
_9128
650 _aHalal food
_950
856 _zRequest full-text at [email protected]
942 _2lcc
942 _cEIJ
942 _kEMAG 000930
999 _c18215
_d18215